000
00271nam a22001217a 4500
082
_a
823
_b
SHA/S
100
_a
SHAKESPEARE, WILLIAM
245
_a
STORIES FROM SHAKESPEARE
260
_a
MADRAS
_b
OXFORD
_c
1992
300
_a
135
650
_a
ENGLISH STORY
_z
INDIA
942
_c
BK
999
_c
7336
_d
7336